| 000 -LEADER |
| fixed length control field |
01366nam a22001577a 4500 |
| 008 - FIXED-LENGTH DATA ELEMENTS--GENERAL INFORMATION |
| fixed length control field |
220212b ||||| |||| 00| 0 eng d |
| 100 ## - MAIN ENTRY--PERSONAL NAME |
| Personal name |
Pandey, Kritika et al |
| 245 ## - TITLE STATEMENT |
| Title |
Essential and expendable: Migrant domestic workers and the Covid-19 pandemic |
| 260 ## - PUBLICATION, DISTRIBUTION, ETC. (IMPRINT) |
| Place of publication, distribution, etc |
American Behavioral Scientist |
| 300 ## - PHYSICAL DESCRIPTION |
| Extent |
65(10), Sep, 2021: p.1287-1301 |
| 520 ## - SUMMARY, ETC. |
| Summary, etc |
In this article, we examine the effects of the COVID-19 pandemic on the labor conditions of domestic workers in the epicenter of the United States. We focus our analysis on the symbolic categorization of domestic work as “essential labor.” While domestic workers are lauded as heroes in public discourse, we argue that this symbolic recognition does not extend to material remuneration. Instead, we find that labor conditions better fit their categorization as expendable essential workers, meaning those whose essential labor is magnified during the pandemic but whose work remains materially undervalued. Data used in this article draw from observations of more than 30 hours of virtual town hall meetings on the pandemic hosted by migrant domestic worker advocacy groups in Los Angeles and New York. – Reproduce |
| 650 ## - SUBJECT ADDED ENTRY--TOPICAL TERM |
| Topical term or geographic name as entry element |
Essential workers, Elderly care, Domestic work, Migrant labor |
| 9 (RLIN) |
29767 |
| 773 ## - HOST ITEM ENTRY |
| Main entry heading |
American Behavioral Scientist |
| 906 ## - LOCAL DATA ELEMENT F, LDF (RLIN) |
| Subject DIP |
EMPLOYEES RIGHT |
| 942 ## - ADDED ENTRY ELEMENTS (KOHA) |
| Item type |
Articles |